00463pab a2200169 454500008004000000100001600040245007600056260000900132300001300141362001000154650002900164650002500193650001400218700002200232700001900254773002000273180718b2014 xxu||||| |||| 00| 0 eng d aPaul, Sujoy aEducational thoughts of Tagore and Radhakrishna: a comparative analysis c2014 ap.10-15. a8 Sep aRadhakrishna, Sarvepalli aTagore, Rabindranath aEducation aRath, Sanat Kumar aBanerjee, Soma aUniversity News